Tänä päivänä Suomen historiassa - joulukuu - Statistics

Yleistilastot
  • Tätä visaa on pelattu 135 kertaa
    125 viimeisimmän päivityksen jälkeen
  • Keskiarvotulos 13 / 31
Vastaustilastot
Päivämäärä Vuosi Vihje Vastaus % Oikein
5.12. 1951 Tämä sarjakuvalehti ilmestyy ensi kertaa Suomessa Aku Ankka
79%
10.12. 2019 Tästä poliitikosta tulee maailman nuorin istuva pääministeri Sanna Marin
79%
24.12. 1943 Tämä presidentti syntyy Tarja Halonen
77%
23.12. 1955 Tämä kaikkien aikojen katsotuin suomalainen elokuva saa ensi-iltansa Tuntematon sotilas
73%
19.12. 1940 Tämä Suomen presidentti kuolee Helsingin rautatieasemalla Kyösti Kallio
72%
18.12. 1981 Suomen linnustonsuojeluneuvosto nimittää tämän linnun Suomen kansallislinnuksi Laulujoutsen
70%
6.12. 1941 Tämä maa julistaa sodan Suomelle Iso-Britannia
68%
11.12. 2010 Suomi voittaa tämän lajin maailmanmestaruuden kaatamalla finaalissa Ruotsin 6-2 Salibandy
67%
15.12. 1991 Nämä kaksi suomalaista kohdetta liitetään UNESCO:n maailmanperintöluetteloon (mainitse toinen) Suomenlinna ja Vanha Rauma
60%
13.12. 1919 Tätä juhlaa vietetään ensimmäistä kertaa Suomessa Lucian päivä
58%
25.12. 1924 Tällainen uskonnollinen radio-ohjelma lähetetään ensi kertaa Suomessa Joulusaarna
56%
30.12. 1980 Suomi tekee päätöksen tämän aikajärjestelmän kokeilemisesta ensimmäistä kertaa Kesäaika
52%
26.12. 2004 Tämä muusikko perheineen menehtyy tapaninpäivän tsunamissa lomamatkallaan Thaimaassa Aki Sirkesalo
47%
1.12. 1939 Neuvostoliitto perustaa tämän nukkehallituksen Terijoen hallitus
45%
7.12. 2001 Suoemssa havaitaan ensimmäisen ja toistaiseksi ainoan kerran tätä tautia kärsämäkisellä karjatilalla Hullun lehmän tauti
44%
29.12. 2020 Tämä kansainvälistä tunnustusta saanut metallikitaristi kuolee 41-vuotiaana Alexi Laiho
39%
16.12. 1920 Suomi liittyy tähän kansainväliseen organisaatioon Kansainliitto
37%
14.12. 1918 Tämä saksalaisprinssi luopuu Suomen kuninkuudesta Friedrich Karl
36%
21.12. 1911 Tämä Ilmari Kiannon runoon perustuva maakuntalaulu esitetään ensimmäistä kertaa Nälkämaan laulu
35%
20.12. 1982 101 ympäristöaktivistia saa tuomion yritettyään haitata tämän järven kuivatusta Koijärvi
26%
31.12. 2009 Ibrahim Shkupolli surmaa neljä ihmistä ampumavälikohtauksessa tässä kauppakeskuksessa Sello
26%
12.12. 1874 Tästä teoksesta tunnettu kirjailija Volter Kilpi syntyy Alastalon salissa
25%
28.12. 1972 Seitsemän puoluetta sopii tästä menettelystä presidentti Urho Kekkosen toimikauden jatkamiseksi Poikkeuslaki
20%
17.12. 1985 Eduskunta hyväksyy Suomen täysäsenyyden tässä vapaakauppajärjestössä EFTA
19%
4.12. 1965 Oleg Kaganista tulee tämän kansainvälisen musiikkikilpailun ensimmäinen voittaja Sibelius-viulukilpailu
19%
9.12. 2002 Pääministeri Paavo Lipposen ja tämän valtionjohtajan tapaamisesta laadittu muistio johtaa vuotta myöhemmin poliittiseen skandaaliin George W. Bush
17%
3.12. 1765 Pori, Vaasa, Kokkola ja Oulu saavat nämä kauppaoikeudet Tapulioikeudet
16%
8.12. 1918 Tämä kahdeksan eri hallituksen pääministeripuolue perustetaan Edistyspuolue
15%
2.12. 1971 Tämän tapahtumakeskus avataan Helsingissä Finlandia-talo
10%
22.12. 1965 Tämä runoilija kuolee auto-onnettomuudessa Lauri Viita
10%
27.12. 1901 Gustaf Nordin avaa ensimmäisen kiinteän tällaisen Helsingin Mikonkadulle Elokuvateatteri
6%
Ehtoja vastaavia visoja ei löytynyt
Tulosjakauma
Jokaisen tuloksen saaneiden osuus
Persentiili vastausten määrän mukaan
Tuloshistoriasi
Et ole pelannut tätä visaa sen viimeisimmän päivityksen jälkeen